00733nam a2200217 a 450000100060000000300090000600800410001502000150005604000280007108200180009910000290011724500330014626000250017930000110020449000220021559000700023765000260030794200120033399900150034595201550036018913CO-ViMGA141112s2004 ck r 000 u spa d a8434862182 aCO-ViMGAbspacCO-ViMGA04a853.914 G468l1 aGiovannoli, Renato9312910aLos Ladrones del santo grial aMadrid : bS.M. 1998 a156 p.0 aEl Barco de vapor aForma de adquisición : Proyecto 2005 - - Precio : 18.900 Ej. 114aNOVELA ITALIANA92688 2ddccBK c9733d9733 00102ddc40708001aMEVIGAELAbMEVIGAELAd2015-12-04hVolumen. 1 | 11/jun/2009l0o853.914 G468l p18913r2015-12-04 00:00:00tEj. 1w2015-12-04yBK